| 000 | 01976nab a2200277 ab4500 | ||
|---|---|---|---|
| 005 | 20260702122249.0 | ||
| 008 | 260604b2025 sp tr poo| 0 0 spa d | ||
| 003 | |||
| 040 |
_aMX-MxUPN _bspa _cMX-MxUPN _eaacr2 |
||
| 100 | 1 |
_aBellido Venegas, Eva María _960189 |
|
| 100 | 1 |
_aMartínez Quintana, María Violante _960150 |
|
| 245 | 1 | 1 |
_aCuidadoras de personas dependientes en España : _bdesigualdades, invisibilidad social y consecuencias físicas y mentales _h[recurso electrónico en línea] |
| 506 | 0 | _aAcceso abierto | |
| 520 | 3 |
_aLas condiciones laborales y sociales del colectivo de cuidadores/as formales e informales es una temática que históricamente no ha sido suficientemente atendida en la investigación social. De ahí nuestro objeto de estudio: examinar, analizar y reflexionar sobre las desigualdades sociales, su invisibilidad y las consecuencias físicas y psíquicas que padecen las mujeres cuidadoras. Se aplica una metodología cualitativa, basada en entrevistas semiestructuradas realizadas a cuidadoras formales e informales y a expertos del sector. En el estudio subyace una brecha de divergencias sociales en el colectivo de cuidadoras y una segregación territorial de los cuidados en España que presiona la necesidad de dar visibilidad y atender desde la administración los problemas sociales existentes en el mercado de los cuidados, que llegan a repercutir en las diferentes esferas del estado de bienestar. _cREIS |
|
| 650 | 2 |
_aEnvejecimiento _914602 |
|
| 650 | 4 |
_aCuidadores _925362 |
|
| 653 | _aCuidadoras formales | ||
| 653 | _aCuidadoras informales | ||
| 653 | _aDesigualdales | ||
| 650 | _aConsecuencias físicas/mentales | ||
| 773 |
_gNo. 193 (2025), p. 3-20 _tREIS: revista española de investigaciones sociológicas _x1988-5903 |
||
| 856 | 4 | _uhttps://reis.cis.es/index.php/reis/article/view/2479 | |
| 856 | 4 | _uhttps://reis.cis.es/index.php/reis/article/view/2479/3041 | |
| 902 | _aLeonor Sotres/020726 | ||
| 942 | _cART-E | ||
| 999 |
_c215488 _d215488 |
||